[Event "5th Vergani Cup Dec. A 2020"]
[Site "Bassano del Grappa"]
[Date "2020.12.27"]
[Round "3.5"]
[White "Formento, Paolo"]
[Black "Warmerdam, Max"]
[Result "1/2-1/2"]
[WhiteElo "2315"]
[BlackElo "2506"]
[Annotator "TA"]
[PlyCount "88"]
[EventDate "2020.12.26"]
[EventType "swiss"]
[EventCountry "ITA"]
[SourceTitle "playchess.com"]
[Source "ChessBase"]
[SourceQuality "1"]

{[%evp 18,88,6,0,1,0,0,-2,0,-2,0,0,44,47,47,41,41,32,52,50,61,45,53,59,72,72,72,72,72,72,72,77,77,61,83,35,66,52,45,40,37,53,54,33,38,23,35,8,22,12,23,10,23,23,23,23,60,65,59,39,84,80,91,76,80,80,74,63,54,69,183,187,229]} 1. c4 Nf6 2. Nc3 g6 3. e4 d6 4. Nge2 Bg7 5. g3 O-O 6. Bg2 c5 7. O-O Bg4 8. h3 Bxe2 9. Nxe2 Nc6 {[#]} 10. d3 $146 ({Predecessor:} 10. d4 Qb6 11. d5 Nd4 12. Nxd4 cxd4 13. Qd3 Nd7 14. Rb1 Qa6 15. b3 Qxa2 16. Bg5 {½-½ (59) Dimov,D (1964)-Stanchev,A Sunny Beach 2009}) 10... Rb8 {A36: Symmetrical English vs ...g6: 4 Bg2 Bg7.} 11. Be3 Nd7 12. d4 b5 {The position is equal.} 13. cxb5 Rxb5 14. b3 Qa5 15. e5 Nxd4 16. Bxd4 cxd4 17. Nxd4 Rxe5 18. Nc6 {[%mdl 64] [#] Double Attack} Qa3 19. Nxe5 Bxe5 20. Rc1 Nc5 21. Qe2 a5 22. Rc4 Bf6 23. Rfc1 Rb8 24. R1c2 Kg7 25. Qe3 Rb4 26. Bf1 e6 27. Qc1 (27. Rg4 {is more complex.} h6 28. Rf4 h5 29. h4 Rxf4 30. Qxf4 d5 31. Qe3) 27... Rxc4 28. Bxc4 ({Weaker is} 28. Qxa3 Rxc2 29. b4 (29. Qxa5 $2 Bd4 $17) 29... axb4 $17) 28... Qxc1+ 29. Rxc1 $14 {[%mdl 4096] Endgame KRB-KBN} Bb2 30. Rc2 (30. Rb1 {looks sharper.} Ba3 31. Rd1 d5 32. Bd3 Kf8 33. f4) 30... Ba3 31. Kf1 Kf6 32. Ke2 d5 33. Bb5 Ke7 34. h4 f6 35. f3 e5 36. Rd2 Kd6 37. Bc4 d4 38. h5 gxh5 39. Rd1 f5 40. f4 Ne4 {[#] White must now prevent ...Nc3+.} 41. Kf3 Bb4 42. fxe5+ Kxe5 43. Rh1 Nf6 (43... Nd2+ $14 44. Kf2 Ne4+ 45. Kg2 h4) 44. Rh2 $18 {[%mdl 1024] White has strong compensation.} Bc3 {Weighted Error Value: White=0.07/Black=0.13} 1/2-1/2

[Event "5th Vergani Cup Dec. A 2020"]
[Site "Bassano del Grappa"]
[Date "2020.12.27"]
[Round "3.6"]
[White "Dardha, Daniel"]
[Black "Bettalli, Francesco"]
[Result "1-0"]
[WhiteElo "2487"]
[BlackElo "2232"]
[Annotator "TA"]
[PlyCount "67"]
[EventDate "2020.12.26"]
[EventType "swiss"]
[EventCountry "ITA"]
[SourceTitle "playchess.com"]
[Source "ChessBase"]
[SourceQuality "1"]

{[%evp 9,67,29,31,29,39,33,60,60,65,56,83,79,93,100,94,91,123,104,101,100,134,129,188,195,203,194,254,239,268,264,270,250,258,224,224,224,236,219,241,244,253,256,253,253,241,240,377,407,422,429,427,425,402,406,479,450,708,575,697,689]} 1. e4 c5 2. Nf3 Nc6 3. Nc3 Nf6 4. Bb5 g6 5. h3 d6 6. e5 {B30: Sicilian: 2...Nc6 3 Bb5, lines without ...g6.} dxe5 7. Nxe5 Qd6 8. Nxc6 {White is slightly better.} bxc6 {[#]} 9. Qf3 $1 {[#]} Bd7 $146 {[#]} (9... Qe6+ 10. Kf1) ({Predecessor:} 9... Qe6+ 10. Kd1 Bd7 11. Re1 Qd6 12. d3 Nd5 13. Bc4 Nxc3+ 14. bxc3 Be6 15. Bf4 Qd7 16. Bxe6 fxe6 {1-0 (41) Guseinov,G (2664)-Fawzy,A (2461) Astana 2019}) 10. O-O $1 Bg7 (10... Bh6 11. Bc4) 11. Bc4 O-O 12. d3 Rab8 13. Re1 {Black must now prevent Bf4.} e5 14. Be3 Bc8 15. b3 Kh8 (15... Be6 $16) 16. Ne4 $18 Nxe4 17. dxe4 ({Less strong is} 17. Qxe4 f5 $14) 17... f5 (17... Qe7 {was necessary.} 18. Rad1 Rb7) 18. Rad1 Qe7 19. exf5 {[%mdl 64] Discovered Attack} Bxf5 20. Qxc6 Rfc8 21. Qd6 Qxd6 22. Rxd6 Bxc2 23. Rd7 a5 24. Rc1 Bf5 25. Ra7 Ra8 26. Rxa8 Rxa8 27. Bd5 ({Resist} 27. Bxc5 $6 Rc8) 27... Rd8 (27... Rc8 $142 28. Bd2 h5 29. Bxa5 e4) 28. Rxc5 a4 29. bxa4 {[%cal Bb3a4,Ba4a5][%mdl 32]} Bf8 30. Ra5 h6 31. Bb6 Rc8 32. Ra8 {White is clearly winning.} Rc1+ 33. Kh2 Kg7 34. a5 {Black got outplayed after the opening.  Weighted Error Value: White=0.03/Black=0.27} 1-0

[Event "5th Vergani Cup Dec. A 2020"]
[Site "Bassano del Grappa"]
[Date "2020.12.27"]
[Round "3.7"]
[White "Cappelletto, Joshuaede"]
[Black "Beerdsen, Thomas"]
[Result "1/2-1/2"]
[WhiteElo "2063"]
[BlackElo "2479"]
[Annotator "TA"]
[PlyCount "124"]
[EventDate "2020.12.26"]
[EventType "swiss"]
[EventCountry "ITA"]
[SourceTitle "playchess.com"]
[Source "ChessBase"]
[SourceQuality "1"]

{[%evp 11,124,29,39,14,53,43,57,35,27,35,28,37,28,30,30,0,0,27,45,40,26,-50,-45,-50,-42,-70,-58,-46,-48,-68,-52,-62,-66,-45,0,-10,0,0,60,-28,-23,-82,-77,-81,-61,-91,0,-75,-68,-81,-86,-91,-91,-105,-19,-51,0,0,0,0,0,-17,0,0,0,0,0,0,0,0,0,0,0,0,0,0,0,0,0,0,0,0,0,0,0,0,0,0,0,0,0,0,0,0,0,0,0,0,0,0,0,0,0,0,0,0,0,0,0,0,0,0,0,0,0]} 1. e4 c5 2. Nf3 e6 3. d4 cxd4 4. Nxd4 Nc6 5. Nc3 Qc7 6. Be3 a6 7. Qf3 {B48: Sicilian: Taimanov: 5 Nc3 Qc7 6 Be3 a6 without Be2.} Ne5 8. Qg3 h5 9. O-O-O {White is slightly better. 9.f4 is more fashionable.} h4 10. Qh3 b5 11. f4 Nc4 12. Bxc4 Qxc4 13. Kb1 Bb7 14. Rhe1 Nf6 15. e5 Nd5 {[#]} 16. Nxd5 $146 (16. Ne4 $11) ({Predecessor:} 16. Ne4 Nb4 17. b3 Qc7 18. Bc1 Bxe4 19. Rxe4 Qa5 20. a3 Nd5 21. b4 Qb6 22. f5 {½-½ (30) Kulaots,K (2573)-Antal,G (2529) Germany 2017}) 16... Bxd5 $15 17. b3 Qc3 18. Ne2 Qc6 19. Nd4 Bxg2 20. Qg4 Qe4 21. Bc1 Qg6 {[%cal Rg6g4]} 22. Qe2 Bb4 23. Bd2 Bxd2 24. Qxd2 O-O (24... h3 $1 $11) 25. f5 ({White should try} 25. h3 $1 $14 Be4 26. Rg1) 25... exf5 $11 26. Qf2 (26. Qf4 $1 $11 Be4 27. Rg1) 26... Be4 $17 27. Qxh4 Qh7 28. Qf4 Rae8 (28... Rfe8 $17 29. h4 Qh6 30. Qxh6 gxh6) 29. Nf3 (29. Rg1 $11) 29... Bxf3 30. Qxf3 Re7 ({Don't blunder} 30... Qxh2 $2 31. Rh1 $18) 31. Rd6 Rfe8 ({Reject} 31... Qxh2 $6 32. Rh1 $11) 32. Rxa6 {[#]} Qxh2 ({Better is} 32... Qh4 $1 $17 {[%cal Rh4e1]} 33. Qg3 Qd4) 33. Qxf5 $11 Rxe5 (33... g6 $15 34. Qd3 Rxe5) 34. Rxe5 {The position is equal.} Qxe5 35. Qxd7 $17 {[%mdl 4096] Endgame KQR-KQR} b4 (35... Kf8 {is interesting.} 36. Rd6 b4 37. Rd1 Qc3 38. Qd6+ Kg8) 36. Rc6 g6 37. Qg4 (37. Rc4 {keeps more tension.} Qe1+ 38. Kb2 Qe5+ 39. Kb1) 37... Qh8 (37... Qe1+ {looks sharper.} 38. Kb2 Kg7 39. Qf4 f5 40. Rc4 Re4) 38. Rc8 Qh1+ 39. Kb2 Rxc8 40. Qxc8+ $11 {KQ-KQ} Kg7 41. Qc4 Qe1 42. Qd4+ f6 43. a3 bxa3+ 44. Kxa3 Qc1+ 45. Qb2 Qe3 {aiming for ...g5.} (45... Qg1 {seems wilder.} 46. b4 g5 47. c4 g4 48. Qe2 Qg3+) 46. c4 $1 g5 (46... Qc5+ {looks sharper.} 47. Ka4 Qc6+ 48. Kb4 Qb6+ 49. Ka4 Qc6+) 47. Qg2 f5 48. Qd5 g4 (48... Qe4 {feels hotter.} 49. Qd8 Kg6 50. Qb6+ Kh5 51. c5 f4) 49. c5 g3 50. c6 Qe7+ 51. Ka4 Kf6 52. Kb5 Qe2+ 53. Ka5 {[#] Threatens to win with c7.} g2 54. Qd4+ Qe5+ (54... Kg5 {keeps more tension.} 55. c7 Qe1+ 56. b4 g1=Q 57. Qg7+ Kf4) 55. Qxe5+ Kxe5 {KPP-KPP} 56. c7 g1=Q {( -> ...Qa7+)} 57. c8=Q f4 (57... Qa1+ {with more complications.} 58. Kb5 Qf1+ 59. Ka5 f4 60. Qc5+ Ke4) 58. Qc7+ Ke4 {And now ...Qa1+ would win.} 59. Qc6+ Ke5 60. Qc7+ Kf5 {...Qa1+ is the strong threat.} 61. Qd7+ Ke4 {White must now prevent ...Qc5+.} 62. Qc6+ Ke5 {Weighted Error Value: White=0.12/Black=0.11} 1/2-1/2

[Event "5th Vergani Cup Dec. A 2020"]
[Site "Bassano del Grappa"]
[Date "2020.12.27"]
[Round "3.8"]
[White "Materia, Marco"]
[Black "Lumachi, Gabriele"]
[Result "1/2-1/2"]
[WhiteElo "2281"]
[BlackElo "2297"]
[Annotator "TA"]
[PlyCount "168"]
[EventDate "2020.12.26"]
[EventType "swiss"]
[EventCountry "ITA"]
[SourceTitle "playchess.com"]
[Source "ChessBase"]
[SourceQuality "1"]

{[%evp 11,168,0,10,11,24,7,18,14,13,8,12,12,23,20,12,0,40,40,70,25,53,53,55,37,41,-33,-32,-50,-32,-41,-25,-138,-113,-92,-61,-52,-45,-57,-53,-72,-62,-85,-23,-29,-31,-21,-34,-47,0,0,48,72,58,61,72,45,88,103,150,158,151,140,126,64,72,67,69,64,61,83,87,118,100,47,50,54,44,0,78,78,78,78,78,78,78,78,78,78,78,84,93,35,36,36,34,18,74,74,86,14,14,14,15,15,77,54,92,45,45,8,14,7,7,0,0,0,0,0,0,0,0,0,0,0,0,0,0,0,1071,1071,1016,0,0,0,0,0,0,0,0,0,0,0,0,0,0,0,0,0,0,0,0,0,0,0,0,0,0,0,0]} 1. Nf3 Nf6 2. c4 e6 3. e3 d5 4. b3 Be7 5. Bb2 O-O 6. Nc3 b6 7. cxd5 {A13: English Opening: 1...e6.} exd5 8. Rc1 a6 9. d4 Bb7 10. g3 Nbd7 11. Bg2 Bd6 12. O-O Re8 13. Ne2 {[#]} c5 $146 ({Predecessor:} 13... Ne4 14. Nf4 Qe7 15. Nd3 f6 16. Re1 Rad8 17. Re2 Nf8 18. b4 h5 19. Qb3 Qf7 {0-1 (75) Saric,A (2559)-Handler,L (2425) Austria 2020}) 14. Nf4 Rc8 15. Qd3 a5 {[%cal Ba6a5,Ba5a4,Ba4a3][%mdl 32]} 16. Rfd1 a4 17. Qf5 c4 18. Ne5 (18. bxa4 g6 $15) (18. bxc4 $14 dxc4 19. d5) 18... cxb3 {Threatens to win with ...a3.} 19. axb3 a3 $36 {[%mdl 2048] White is under pressure.} 20. Ba1 g6 21. Qg5 (21. Rxc8 $11 Qxc8 22. Qd3) 21... Rxc1 22. Rxc1 Ne4 (22... Nf8 {keeps more tension.} 23. Bh3 Ne4 24. Qxd8 Rxd8 25. Rc2 Kg7) 23. Qxd8 Rxd8 24. Nc6 Bxc6 25. Rxc6 Bxf4 26. gxf4 Nef6 (26... Ndf6 $17) 27. Kf1 $11 b5 28. Ke2 b4 29. Bh3 Ne4 30. f3 Nb8 31. Rb6 Nc3+ 32. Kd2 $1 Na2 33. e4 Kf8 34. e5 Ke7 35. Rb7+ Ke8 36. Rc7 Na6 37. Rc6 (37. Ra7 $1 $16 {[%cal Ra7a6]} Nb8 38. f5) 37... Nb8 $14 {[%cal Rb8c6]} 38. Rc2 Nc3 $1 39. Bxc3 bxc3+ 40. Kxc3 {[%mdl 4096] Endgame KRB-KRN} Nc6 41. Ra2 Ra8 42. Bf1 (42. f5 $16) 42... Ke7 43. Bb5 Nd8 44. b4 Ne6 (44... Rc8+ $11 45. Kd3 Rb8) 45. Bc6 $1 $16 {[%cal Rc6a8]} Rc8 46. b5 Nd8 47. Rxa3 Nxc6 48. bxc6 Rxc6+ {KR-KR} 49. Kd3 h5 50. Ra7+ Ke6 51. f5+ ({White should play} 51. h4 $1 $16) 51... gxf5 $14 52. Ra8 Rb6 53. Ke3 Rb4 (53... f6 $11 {keeps the balance.}) 54. Ra6+ $16 Ke7 55. Rf6 ({Better is} 55. h4 $16) 55... Rb3+ $11 56. Kf4 {Black must now prevent Rd6.} Rd3 57. Ra6 h4 {[#]} (57... Rxd4+ $11 58. Kxf5 Rh4) 58. h3 $1 $16 ({Much weaker is} 58. Kxf5 Rxf3+ 59. Kg5 h3 $11) 58... Ke8 59. Ra5 ({Don't play} 59. Kxf5 Rxf3+ 60. Kg4 Rd3 $14) 59... Rxd4+ 60. Kxf5 (60. Kg5 $5 {[%cal Rg5f6]} Ke7 61. f4 $14 (61. Kxf5 Rd3 $14)) 60... Rd3 61. f4 Rxh3 62. Kf6 {And now Ra8+ would win.} Rf3 63. f5 h3 64. Ra8+ Kd7 {Strongly threatening ...h2.} 65. Ra7+ Kc6 {Hoping for ...d4.} 66. Rxf7 d4 67. Ra7 Kd5 68. e6 h2 69. Ra1 {aiming for e7.} Re3 $2 {[%mdl 8192] [#]} (69... Kd6 $11) 70. Rh1 $1 $18 Re2 71. Kf7 $2 (71. e7 $18) 71... Kd6 $11 {The position is equal.} 72. f6 {e7 is the strong threat.} Rxe6 73. Rxh2 Re3 74. Rf2 Ra3 75. Kg7 Ke5 76. f7 (76. Rf1 {is interesting.} Ra8 77. Rd1 Ke4 78. Kg6 d3 79. f7) 76... Ra8 77. f8=Q (77. Re2+ {feels hotter.} Kf5 78. Ra2 Rd8 79. Ra5+ Ke4 80. Kf6) 77... Rxf8 78. Rxf8 {KR-KP} (78. Kxf8 {looks sharper.} d3 79. Ra2 Kd4 80. Ke8 Ke3 81. Kd8) 78... d3 79. Rd8 Ke4 80. Kf6 (80. Rd6 {with more complications.} Ke3 81. Kf8 d2 82. Kg8 Ke2 83. Re6+) 80... Ke3 81. Ke5 d2 82. Rd4 Ke2 83. Ke4 d1=Q 84. Rxd1 Kxd1 {Weighted Error Value: White=0.17/Black=0.18} 1/2-1/2

[Event "5th Vergani Cup Dec. A 2020"]
[Site "Bassano del Grappa"]
[Date "2020.12.27"]
[Round "3.9"]
[White "Zarpellon, Daniel"]
[Black "Serea, Gabriele"]
[Result "1-0"]
[WhiteElo "1893"]
[BlackElo "1533"]
[Annotator "NA RC"]
[PlyCount "113"]
[EventDate "2020.12.26"]
[EventType "swiss"]
[EventCountry "ITA"]
[SourceTitle "playchess.com"]
[Source "ChessBase"]
[SourceQuality "1"]

{[%evp 21,113,20,32767,32767,32767,32767,32767,32767,32767,32767,32767,32767,54,32767,32767,32767,-48,-48,32767,0,0,0,0,-9,31,16,283,23,52,-2232,32767,32767,32767,32767,32767,32767,32767,32767,42,32767,32767,32767,32767,32767,32767,32767,32767,32767,32767,32767,32767,32767,32767,32767,32767,32767,32767,104,124,128,93,64,218,93,181,228,392,501,488,682,514,1613,29976,29980,29980,29981,29981,29982,29982,29983,29983,29984,29984,29985,29985,29986,29986,29987,29987,29988,29988,29989,29989,29990]} 1. Nf3 {[%emt 0:00:00]} Nf6 {[%emt 0:00:00]} 2. d4 {[%emt 0:00:05]} g6 {[%emt 0:01:07]} 3. c4 {[%emt 0:01:01]} Bg7 {[%emt 0:01:59]} 4. Nc3 {[%emt 0:00:12]} d6 {[%emt 0:01:41]} 5. e4 {[%emt 0:02:21]} O-O {[%emt 0:04:19]} 6. Be2 {[%emt 0:00:12]} Nbd7 {[%emt 0:02:56]} 7. O-O {[%emt 0:01:04]} e5 {[%emt 0:03:58]} 8. d5 {[%emt 0:00:26]} a5 {[%emt 0:07:02]} 9. Ne1 {[%emt 0:05:58]} Nc5 {[%emt 0:04:36]} 10. f3 {[%emt 0:02:20]} Nfd7 {[%emt 0:10:48]} 11. Be3 {[%emt 0:04:33]} f5 {[%emt 0:06:59]} 12. Nd3 {[%emt 0:09:50]} Nxd3 {[%emt 0:04:34]} 13. Bxd3 {[%emt 0:00:54]} f4 {[%emt 0:00:58]} 14. Bf2 {[%emt 0:00:47]} g5 {[%emt 0:04:30]} 15. g4 {[%emt 0:18:08]} fxg3 {[%emt 0:04:27]} 16. hxg3 {[%emt 0:02:36]} Qe8 {[%emt 0:05:36]} (16... g4 $11) 17. Kg2 {[%emt 0:05:48]} Nf6 {[%emt 0:02:42]} 18. Be2 {[%emt 0:14:21]} Qg6 {[%emt 0:04:24]} 19. Be3 {[%emt 0:07:33]} h5 {[%emt 0:07:13]} 20. Qd3 {[%emt 0:01:56]} g4 {[%emt 0:04:16]} 21. f4 {[%emt 0:04:40]} exf4 {[%emt 0:02:59]} 22. Rxf4 {[%emt 0:00:45]} Bh6 {[%emt 0:00:23]} 23. Rf2 {[%emt 0:01:22]} Bxe3 {[%emt 0:00:18]} (23... Bg5 $2 {[%emt 0:14:03]}) (23... Nd7 $14) 24. Qxe3 {[%emt 0:00:07]} Bd7 {[%emt 0:01:11]} 25. Bd3 {[%emt 0:01:49]} Qg7 {[%emt 0:01:48]} 26. Raf1 {[%emt 0:03:20]} Rf7 {[%emt 0:01:18]} 27. e5 {[%emt 0:02:44]} dxe5 {[%emt 0:01:23]} 28. Qxe5 {[%emt 0:00:07]} Raf8 {[%emt 0:00:49]} 29. Bf5 {[%emt 0:03:41]} Bxf5 {[%emt 0:01:35]} 30. Rxf5 {[%emt 0:00:08]} Nh7 {[%emt 0:02:50]} 31. Qxg7+ {[%emt 0:00:40]} Kxg7 {[%emt 0:00:18]} 32. Rxf7+ {[%emt 0:00:10]} Rxf7 {[%emt 0:00:05]} 33. Rxf7+ {[%emt 0:01:40]} Kxf7 {[%emt 0:00:09]} 34. Nb5 {[%emt 0:00:12]} c6 {[%emt 0:00:31]} 35. Nd6+ {[%emt 0:00:12]} Ke7 {[%emt 0:00:23]} 36. Nxb7 {[%emt 0:00:06]} cxd5 {[%emt 0:00:15]} 37. cxd5 {[%emt 0:00:07]} Nf6 {[%emt 0:00:21]} 38. Nxa5 {[%emt 0:00:47]} Nxd5 {[%emt 0:00:09]} 39. Nc4 {[%emt 0:01:39]} Ke6 {[%emt 0:01:21]} 40. Kf2 {[%emt 0:00:12]} Ne7 {[%emt 0:02:01]} 41. Ke3 {[%emt 0:30:53]} (41. b3 $16) 41... Kd5 $2 {[%emt 0:33:15] [#]} (41... Nf5+ $14 42. Kf4 Nd4) 42. Nb6+ {[%emt 0:00:06]} (42. Kd3 $1 $18 {is more deadly.}) 42... Ke6 {[%emt 0:00:40]} (42... Kc6 $16 {might work better.}) 43. Kf4 {[%emt 0:00:58]} Ng8 $2 {[%emt 0:01:06]} (43... Ng6+ {was called for.} 44. Kg5 h4 45. Kxg4 (45. Kxg6 $2 hxg3 46. Na4 g2 $19) (45. gxh4 $2 g3 $19) 45... hxg3 46. Kxg3 Ne5) 44. a4 {[%emt 0:00:37]} Kd6 {[%emt 0:00:41]} 45. Kg5 {[%emt 0:00:55]} Kc6 {[%emt 0:01:19]} 46. a5 {[%emt 0:00:34]} Nf6 {[%emt 0:00:22]} 47. Kxf6 {[%emt 0:01:42]} h4 {[%emt 0:00:10]} 48. gxh4 {[%emt 0:00:06]} g3 {[%emt 0:00:25]} 49. Nc4 {[%emt 0:00:10]} g2 {[%emt 0:00:25]} 50. Ne5+ {[%emt 0:00:06]} Kd5 {[%emt 0:00:08]} 51. Nf3 {[%emt 0:00:08]} Ke4 {[%emt 0:00:04]} 52. Ng1 {[%emt 0:00:11]} Ke3 {[%emt 0:00:07]} 53. a6 {[%emt 0:00:23]} Kf2 {[%emt 0:00:07] [#]} 54. a7 $1 {[%emt 0:00:07]} Kxg1 {[%emt 0:00:05]} 55. a8=Q {[%emt 0:00:10]} Kf2 {[%emt 0:00:05] [#]} 56. Qxg2+ $3 {[%emt 0:00:07]} Kxg2 {[%emt 0:00:05]} 57. h5 {[%emt 0:00:08]} 1-0

[Event "5th Vergani Cup Dec. A 2020"]
[Site "Bassano del Grappa"]
[Date "2020.12.27"]
[Round "3.10"]
[White "Dessi`, Luca"]
[Black "Brini, Dario"]
[Result "0-1"]
[WhiteElo "1499"]
[BlackElo "1787"]
[Annotator "NA RC"]
[PlyCount "92"]
[EventDate "2020.12.26"]
[EventType "swiss"]
[EventCountry "ITA"]
[SourceTitle "playchess.com"]
[Source "ChessBase"]
[SourceQuality "1"]

1. e4 {[%emt 0:00:29]} c5 {[%emt 0:00:00]} 2. c3 {[%emt 0:00:36]} Nf6 {[%emt 0:00:00]} 3. e5 {[%emt 0:00:13]} Nd5 {[%emt 0:00:00]} 4. Bc4 {[%emt 0:00:42]} Nb6 {[%emt 0:01:43]} 5. Bb3 {[%emt 0:00:58]} e6 {[%emt 0:01:15]} 6. d4 {[%emt 0:01:12]} Nc6 {[%emt 0:02:37]} 7. Nf3 {[%emt 0:02:00]} Be7 {[%emt 0:00:30]} 8. O-O {[%emt 0:02:46]} O-O {[%emt 0:00:21]} 9. Bc2 {[%emt 0:07:59]} cxd4 {[%emt 1:28:04]} 10. Qd3 {[%emt 0:01:50]} g6 {[%emt 0:00:00]} 11. Bh6 {[%emt 0:00:41]} Re8 {[%emt 0:00:00]} 12. a3 {[%emt 0:22:56]} dxc3 {[%emt 0:00:00]} 13. Nxc3 {[%emt 0:00:07]} Qc7 {[%emt 0:00:00]} 14. Rfe1 {[%emt 0:03:53]} a6 {[%emt 0:00:00]} 15. Rad1 {[%emt 0:03:32]} Bf8 {[%emt 0:00:00]} 16. Bxf8 {[%emt 0:08:03]} Rxf8 {[%emt 0:00:00]} 17. Qe3 {[%emt 0:01:08]} Kg7 {[%emt 0:00:00]} 18. Qf4 {[%emt 0:03:33]} Qd8 {[%emt 0:00:00]} 19. Ne4 {[%emt 0:02:51]} Nd5 {[%emt 0:00:00]} 20. Rxd5 {[%emt 0:00:07]} exd5 {[%emt 0:00:00]} 21. Nf6 {[%emt 0:00:17]} d6 {[%emt 0:00:00]} 22. Qh4 {[%emt 0:01:06]} h6 {[%emt 0:00:00]} 23. Qg3 {[%emt 0:21:23]} Rh8 {[%emt 0:00:00]} 24. Nh5+ {[%emt 0:06:53]} Kf8 {[%emt 0:00:00]} 25. Bxg6 {[%emt 0:05:00]} fxg6 {[%emt 0:00:00]} 26. Qxg6 {[%emt 0:00:39]} Qe7 {[%emt 0:00:00]} 27. exd6 {[%emt 0:00:16]} Qf7 {[%emt 0:00:00]} 28. Qf6 {[%emt 0:01:53]} Qxf6 {[%emt 0:00:00]} 29. Nxf6 {[%emt 0:00:03]} Kf7 {[%emt 0:00:00]} 30. Nxd5 {[%emt 0:00:17]} Bg4 {[%emt 0:00:00]} 31. Ne5+ {[%emt 0:01:23]} Nxe5 {[%emt 0:00:00]} 32. Rxe5 {[%emt 0:00:13]} Rhe8 {[%emt 0:00:00]} 33. Ne7 {[%emt 0:00:03]} Rad8 {[%emt 0:00:00]} 34. f3 {[%emt 0:00:56]} Be6 {[%emt 0:00:00]} 35. Nf5 {[%emt 0:00:17]} Bxf5 {[%emt 0:00:00]} 36. Rxf5+ {[%emt 0:00:15]} Kg6 {[%emt 0:00:00]} 37. Rd5 {[%emt 0:00:21]} Re6 {[%emt 0:00:00]} 38. d7 {[%emt 0:00:45]} Re7 {[%emt 0:00:00]} 39. Rd6+ {[%emt 0:00:17]} Kg7 {[%emt 0:00:00]} 40. Rd2 {[%emt 0:00:36]} Rexd7 {[%emt 0:00:00]} 41. Rc2 {[%emt 0:30:15]} Rd1+ {[%emt 0:22:13]} 42. Kf2 {[%emt 0:00:02]} R8d2+ {[%emt 0:00:06]} 43. Rxd2 {[%emt 0:00:04]} Rxd2+ {[%emt 0:00:08]} 44. Kg3 {[%emt 0:00:13]} Rxb2 {[%emt 0:00:05]} 45. f4 {[%emt 0:00:13]} Rb3+ {[%emt 0:00:03]} 46. Kg4 {[%emt 0:00:09]} Rxa3 {[%emt 0:00:04]} 0-1

[Event "5th Vergani Cup Dec. A 2020"]
[Site "Bassano del Grappa"]
[Date "2020.12.28"]
[Round "4.1"]
[White "Mendonca, Leon Luke"]
[Black "Moroni, Luca Jr"]
[Result "1-0"]
[WhiteElo "2516"]
[BlackElo "2562"]
[Annotator "TA"]
[PlyCount "179"]
[EventDate "2020.12.26"]
[EventType "swiss"]
[EventCountry "ITA"]
[SourceTitle "playchess.com"]
[Source "ChessBase"]
[SourceQuality "1"]

{[%evp 12,179,50,41,45,43,41,46,54,53,56,45,56,52,47,9,16,0,0,0,0,-9,63,0,16,9,67,64,89,89,89,61,89,89,89,89,89,89,89,89,89,89,89,89,89,89,162,0,89,89,89,89,89,0,89,89,89,89,89,89,89,89,89,89,89,89,89,89,89,89,89,0,89,89,89,89,89,89,89,89,89,89,119,112,125,89,89,89,89,89,89,89,89,89,141,141,141,101,101,101,104,104,104,80,104,104,104,104,104,83,83,83,102,83,90,83,89,87,89,89,97,89,89,89,90,90,97,77,97,97,97,97,97,97,358,362,322,341,320,244,1177,1097,1242,1161,1016,859,1937,1937,1702,1569,1449,1442,2122,1990,5702,5510,29974,29970,29968,29970,29959,29954,29985,29986,29981,29982,29987,29988,29988,29988]} 1. d4 g6 2. c4 Bg7 3. Nf3 d6 4. Nc3 Nc6 5. d5 Ne5 6. Nxe5 Bxe5 7. e4 Nf6 {A41: 1 d4 d6: Tartakower System and Modern Defence.} 8. Bd3 O-O 9. O-O e6 {White is slightly better. is the new trend.} 10. Bg5 exd5 11. exd5 h6 12. Bh4 ({But not} 12. Bxh6 Ng4 $17) 12... Bf4 {[#]} 13. Bg3 $146 ({Predecessor:} 13. f3 Bd7 14. Re1 Re8 15. Rxe8+ Bxe8 16. Qc2 Be3+ 17. Bf2 Bxf2+ 18. Qxf2 Bd7 19. Re1 c5 20. Qd2 Qf8 21. Kf2 Kg7 22. Re2 {½-½ (22) Singeisen,H (2231)-Milde,L (2271) ICCF email 2018}) 13... Bxg3 14. fxg3 Ng4 {next ...Ne3 is good for Black.} 15. Qd2 Kg7 16. Rf4 Bd7 (16... f5 $11) 17. Raf1 (17. h3 $1 $14 Ne5 18. g4) 17... Qe7 18. h3 Ne5 ({Better is} 18... Qe3+ $11 19. Qxe3 Nxe3) 19. g4 $14 Rae8 20. Bc2 $36 {[%mdl 2048] White is on the roll.} b6 21. Qd4 f6 22. b3 Rf7 23. Ne4 Ref8 24. Ng3 $1 Kg8 25. a4 a5 26. R4f2 Re8 27. Qd2 Kg7 28. Ne2 Qf8 {[#]} (28... Rg8 $16) 29. Ng3 (29. Nf4 $1 $18) 29... Qe7 $1 $16 30. Bb1 Rg8 31. Rf4 Re8 32. R4f2 Rg8 $1 33. Kh1 Re8 34. Bc2 Rg8 35. Ne2 {[%cal Bg3e2,Be2f4,Bf4h5][%mdl 32]} Bc8 36. Nf4 Kh7 37. Nh5 Rgf8 38. Ng3 Kg7 39. Rf4 Rg8 40. Re1 Qf8 41. Ref1 Qe7 $1 42. Bb1 Re8 43. Qc3 Kg8 44. Bc2 Kg7 45. Kg1 Kg8 46. R4f2 Qf8 47. Qd2 Qg7 48. Ne2 Kh8 49. Nd4 Bd7 50. Qc3 Ref8 51. Qg3 Kg8 52. Qh4 Re8 ({Black should play} 52... Kh8) 53. Rxf6 Rxf6 54. Qxf6 Qxf6 55. Rxf6 Kg7 56. Rf1 Re7 57. Kh2 Re8 58. Kg3 Re7 59. Rf2 Nf7 60. Re2 (60. Rf3 {is interesting.} Ng5 61. Rc3 Nf7 62. Rd3 Kf6 63. Kf2) 60... Rxe2 61. Nxe2 {[%mdl 4096] Endgame KBN-KBN} Ne5 62. Nd4 Kf6 63. Kf4 Nf7 64. Be4 Ne5 65. Ke3 Nf7 66. Nf3 Nd8 67. Nh4 Be8 68. Kd4 Nb7 69. Bc2 Nc5 70. Nf3 Bd7 71. Ke3 Nb7 72. Kf4 Nd8 $2 {[%mdl 8192] [#] This costs Black the game.} (72... g5+ $16 {is a better defense.} 73. Ke4 Nc5+ 74. Ke3 Be8) 73. g5+ $1 $18 hxg5+ 74. Nxg5 Kg7 75. g4 Nb7 $2 (75... Be8 76. Be4 Bd7) 76. Ne6+ Bxe6 77. dxe6 {KB-KN} Nc5 78. e7 Ne6+ 79. Ke3 Kf7 {[#]} 80. Bxg6+ $1 {[%mdl 512]} Kxe7 81. h4 Kf6 82. Bf5 Nc5 83. Kf4 Nxb3 84. g5+ {White mates.} Kf7 85. h5 Nd4 86. h6 Ne2+ 87. Kg4 Nd4 88. Be4 c6 89. g6+ Kf8 90. Kg5 {Weighted Error Value: White=0.10/Black=0.07} 1-0